000 00603nmm a2200181Ia 4500
008 251105s9999||||xx |||||||||||||||||und||
020 _a9789587841008
041 _aspa
100 _aGutiérrez Peláez, Miguel
245 0 _aArte y psicoanálisis: Invenciones (artísticas) inéditas de sujetos singulares
264 _a[Bogotá, Colombia] :
_bUniversidad del Rosario,
_c2018
300 _a161 páginas
650 _aArts in general
700 _aGutiérrez Peláez, Miguel
700 1 _a García Moreno, Beatriz (eds.)
856 _uhttps://public.digitaliapublishing.com/a/59746
942 _cCF
999 _c66624
_d66624